Les plus grandes villes de Russie - Statistiques

Statistiques générales
  • Ce quiz a été pris 405 fois
    111 depuis la dernière actualisation
  • Le résultat moyen est 9 sur 20
Statistiques - réponses
Nombre d'habitants Villes % Correct
12,712,305 Moscou
100%
5,581,707 Saint-Pétersbourg
100%
1,250,302 Nijni Novgorod
67%
1,139,641 Rostov-sur-le-Don
65%
1,296,232 Kazan
62%
993,352 Volgograd
60%
1,532,970 Iekaterinbourg
59%
1,701,510 Novossibirsk
54%
1,010,552 Krasnodar
49%
1,154,451 Samara
47%
1,180,677 Omsk
44%
1,084,120 Perm
42%
1,146,786 Oufa
32%
1,243,883 Tcheliabinsk
32%
1,173,095 Krasnoïarsk
31%
837,687 Saratov
31%
1,083,724 Voronej
28%
916,862 Tioumen
21%
690,485 Togliatti
16%
652,464 Ijevsk
7%
Aucun quiz correspondant
Distribution des résultats
% des personnes avec chaque résultat
Percentile par nombre de réponses
Votre historique - résultats
Vous n’avez pas pris ce quiz depuis la dernière actualisation